000 00927naa a22002657a 4500
001 BR7902613
003 BR-BrBNA
005 20250714163003.0
007 ta
008 250630b bl.|||m| |||| 00| 0 por d
040 _aBR-BrBNA
_bpor
_cBiblioteca Nacional de Agricultura
041 _a(Pt)
072 _aH10
_b0170
_b4010
090 _aH10 BR7902613
100 1 _aBianco, R.
245 1 _aPragas e seu controle [Controle quimico, Sorgo, Sorghum spp]
500 _aManual agropecuario para o Parana Londrina, PR (Brasil): 1978. p. 419-420 (BR7902613-AMS)
773 0 _tManual agropecuario para o Parana
_wH10 BR7902613
_gLondrina, PR (Brasil), 1978. p. 419-420
650 _aPRAGA DE PLANTA
650 _aSORGO
650 _aCONTROLE QUIMICO
490 _aManual Agropecuario para o Parana - Fundacao Instituto Agronomico do Parana (Brazil)
_vv. 2
942 _cAMS
_2AGRIS
909 _a202506
_bLúcia
_c55
_dLúcia Elande
999 _c333290
_d333290